[Event "Polofinale MCR junioru 2013"]
[Site "Havlickuv Brod - hotel Slunce"]
[Date "2013.11.21"]
[Round "7.1"]
[White "Petr, Jan"]
[Black "Balacek, Tadeas"]
[Result "1-0"]
[WhiteElo "2112"]
[BlackElo "2201"]
[PlyCount "87"]
[EventDate "2013.11.17"]

1. e4 e6 2. d4 d5 3. Nd2 Be7 4. Bd3 c5 5. dxc5 Nf6 6. Qe2 O-O 7. Ngf3 a5 8. O-O
Na6 9. e5 Nd7 10. c3 Naxc5 11. Bc2 b5 12. Nd4 Qc7 13. Re1 b4 14. Qe3 bxc3 15.
bxc3 Ba6 16. Qh3 g6 17. N2f3 Ne4 18. Bh6 Rfe8 19. Nxe6 fxe6 20. Bxe4 Bf8 21.
Bc2 Nc5 22. Be3 Nd3 23. Bxd3 Bxd3 24. Rac1 Qc4 25. Bd4 h6 26. Nd2 Qa6 27. Re3
Bf5 28. g4 Be4 29. Nxe4 dxe4 30. Rxe4 Qc4 31. Rf4 Bg7 32. g5 h5 33. Qf1 Qxa2
34. Qd3 Rf8 35. Rxf8+ Rxf8 36. c4 Qa4 37. Qxg6 Qc6 38. Qxh5 Qe4 39. g6 Rc8 40.
Bb2 Rc5 41. Ba3 Qxe5 42. Qh7+ Kf8 43. h4 Qh2+ 44. Kxh2 1-0

[Event "Polofinale MCR junioru 2013"]
[Site "Havlickuv Brod - hotel Slunce"]
[Date "2013.11.21"]
[Round "7.2"]
[White "Rubes, Jan"]
[Black "Marek, Matyas"]
[Result "1-0"]
[WhiteElo "2142"]
[BlackElo "2017"]
[PlyCount "75"]
[EventDate "2013.11.17"]

1. d4 Nf6 2. c4 g6 3. Nc3 Bg7 4. e4 d6 5. f3 O-O 6. Be3 a6 7. Nge2 Nbd7 8. Qd2
c5 9. dxc5 dxc5 10. Rd1 Qa5 11. Nc1 Qc7 12. Be2 b6 13. O-O Bb7 14. Nd3 Rad8 15.
Qc1 e5 16. Rd2 Nb8 17. Nd5 Nxd5 18. cxd5 f5 19. b4 c4 20. Rc2 b5 21. Nc5 Bc8
22. a4 f4 23. Bf2 Rd6 24. Ra2 g5 25. axb5 axb5 26. Ra5 Qf7 27. Ne6 Re8 28. Rxb5
Nd7 29. Bxc4 g4 30. fxg4 Nf6 31. h3 Nxe4 32. Bc5 Ba6 33. Bxd6 Nxd6 34. Rc5 Nxc4
35. b5 Ne3 36. bxa6 Nxf1 37. Rc7 Qxc7 38. a7 1-0

[Event "Polofinale MCR junioru 2013"]
[Site "Havlickuv Brod - hotel Slunce"]
[Date "2013.11.21"]
[Round "7.3"]
[White "Nguyen, Thai Dai Van"]
[Black "Haman, Jakub"]
[Result "1/2-1/2"]
[WhiteElo "2176"]
[BlackElo "2182"]
[PlyCount "86"]
[EventDate "2013.11.17"]

1. e4 e5 2. Nf3 Nc6 3. Nc3 g6 4. d4 exd4 5. Nxd4 Bg7 6. Be3 d6 7. Be2 Nf6 8.
O-O O-O 9. f4 Bd7 10. Bf3 Re8 11. Qd2 Nxd4 12. Bxd4 Bc6 13. Rae1 Nd7 14. Bxg7
Kxg7 15. Nd5 Bxd5 16. Qxd5 Nc5 17. b4 Ne6 18. Bg4 c6 19. Qc4 Nc7 20. Qd4+ f6
21. c4 Qe7 22. Re2 Ne6 23. Bxe6 Qxe6 24. Rf3 a6 25. h3 Rad8 26. Kh2 Kg8 27. Rd3
Rd7 28. Rg3 Kf7 29. Rd3 Red8 30. Rde3 Rc8 31. c5 Rcd8 32. cxd6 Qxd6 33. Qc4+
Qe6 34. Qc5 Rd2 35. Qb6 Rxe2 36. Rxe2 Rd7 37. e5 Re7 38. exf6 Qxe2 39. fxe7
Qxe7 40. Qd4 h5 41. Kg3 Qe1+ 42. Kf3 Qf1+ 43. Kg3 Qe1+ 1/2-1/2

[Event "Polofinale MCR junioru 2013"]
[Site "Havlickuv Brod - hotel Slunce"]
[Date "2013.11.21"]
[Round "7.4"]
[White "Kraus, Tomas"]
[Black "Vykouk, Jan"]
[Result "0-1"]
[WhiteElo "2346"]
[BlackElo "2090"]
[PlyCount "70"]
[EventDate "2013.11.17"]

1. d4 Nf6 2. g3 g6 3. Bg2 Bg7 4. e4 d6 5. Ne2 O-O 6. O-O e5 7. h3 Re8 8. Nbc3
Nc6 9. Be3 a6 10. a4 exd4 11. Nxd4 Ne5 12. b3 Rb8 13. Re1 c5 14. Nde2 b5 15.
axb5 axb5 16. f4 Ned7 17. e5 dxe5 18. fxe5 Qe7 19. Ra7 Nh5 20. g4 Qxe5 21. Bd2
c4 22. b4 Qd6 23. Rxd7 Bxd7 24. gxh5 Qxb4 25. hxg6 hxg6 26. Ne4 Qa3 27. c3 Bxh3
28. Bxh3 Rxe4 29. Nf4 Qc5+ 30. Kf1 Rxe1+ 31. Qxe1 Rd8 32. Bg2 Qf5 33. Be4 Qg4
34. Bd5 Bxc3 35. Qe7 Qd1+ 0-1

[Event "Polofinale MCR junioru 2013"]
[Site "Havlickuv Brod - hotel Slunce"]
[Date "2013.11.21"]
[Round "7.5"]
[White "Rabatin, Jakub"]
[Black "Starek, Stanislav"]
[Result "1-0"]
[WhiteElo "2243"]
[BlackElo "2135"]
[PlyCount "53"]
[EventDate "2013.11.17"]

1. e4 e6 2. d4 d5 3. Nc3 Nf6 4. e5 Nfd7 5. f4 c5 6. Nf3 Nc6 7. Be3 f6 8. exf6
Nxf6 9. dxc5 Be7 10. Qd2 O-O 11. O-O-O Qa5 12. g3 Bxc5 13. Bxc5 Qxc5 14. Nd4
Bd7 15. Bg2 b5 16. Nxc6 Bxc6 17. Ne2 Rac8 18. Nd4 Bd7 19. Rhe1 Rfe8 20. Kb1 Qb6
21. Bf3 Rc4 22. g4 Rec8 23. g5 Ne8 24. f5 Qc7 25. fxe6 Rxd4 26. exd7 Rxd2 27.
Rxe8+ 1-0

[Event "Polofinale MCR junioru 2013"]
[Site "Havlickuv Brod - hotel Slunce"]
[Date "2013.11.21"]
[Round "7.6"]
[White "Kaluzny, Matyas"]
[Black "Machan, Jan"]
[Result "0-1"]
[WhiteElo "1985"]
[BlackElo "2144"]
[PlyCount "98"]
[EventDate "2013.11.17"]

1. e4 c6 2. d4 d5 3. e5 Bf5 4. Nf3 e6 5. Be2 Ne7 6. O-O h6 7. Re1 Nd7 8. Nbd2
c5 9. dxc5 Nc6 10. Nb3 Nxc5 11. Be3 Nxb3 12. axb3 a6 13. Nd4 Nxd4 14. Bxd4 Rc8
15. c3 Be7 16. b4 O-O 17. Bg4 Bxg4 18. Qxg4 g6 19. Re3 h5 20. Qe2 Kg7 21. f4
Qc7 22. Rg3 Bh4 23. Rh3 Be7 24. g4 hxg4 25. Qxg4 Rh8 26. Rf1 Rxh3 27. Qxh3 Rh8
28. Qg3 Kf8 29. Qe3 Qc4 30. Bc5 Bxc5 31. Qxc5+ Qxc5+ 32. bxc5 Ke7 33. Kg2 Kd7
34. Kg3 Kc6 35. b4 Kb5 36. h4 Kc4 37. Rf3 a5 38. bxa5 Ra8 39. Kg4 Rxa5 40. Kg5
Rxc5 41. h5 gxh5 42. Kf6 Rc7 43. f5 exf5 44. Rxf5 Kxc3 45. Rxh5 d4 46. Rh7 d3
47. e6 d2 48. Rxf7 Rc6 49. Rd7 Kc2 0-1

[Event "Polofinale MCR junioru 2013"]
[Site "Havlickuv Brod - hotel Slunce"]
[Date "2013.11.21"]
[Round "7.7"]
[White "Toman, Ondrej"]
[Black "Kozel, Jiri"]
[Result "1/2-1/2"]
[WhiteElo "2080"]
[BlackElo "2014"]
[PlyCount "36"]
[EventDate "2013.11.17"]

1. e4 c5 2. Nf3 Nc6 3. Bb5 g6 4. Bxc6 bxc6 5. O-O Bg7 6. Re1 e5 7. d3 Qc7 8.
Be3 d6 9. h3 Rb8 10. b3 Ne7 11. Qd2 h6 12. Na3 f5 13. Qc3 O-O 14. Bd2 Kh7 15.
Nh2 a6 16. Rad1 Qa7 17. f3 d5 18. Qa5 Be6 1/2-1/2

[Event "Polofinale MCR junioru 2013"]
[Site "Havlickuv Brod - hotel Slunce"]
[Date "2013.11.21"]
[Round "7.8"]
[White "Chmel, Kristian"]
[Black "Braun, Marek"]
[Result "1/2-1/2"]
[WhiteElo "2002"]
[BlackElo "2229"]
[PlyCount "46"]
[EventDate "2013.11.17"]

1. e4 d6 2. d4 Nf6 3. Nc3 c6 4. g3 Nbd7 5. Bg2 e5 6. Nge2 Be7 7. a4 a5 8. h3
Qc7 9. O-O h5 10. Kh2 b6 11. f4 Ba6 12. Rf2 O-O-O 13. b4 axb4 14. Na2 c5 15. d5
Kb7 16. c3 Bc4 17. cxb4 cxb4 18. Nxb4 Qc5 19. Qe1 Nb8 20. Nc6 Nxc6 21. Ba3 Qe3
22. Bc1 Qc5 23. Ba3 Qe3 1/2-1/2

[Event "Polofinale MCR junioru 2013"]
[Site "Havlickuv Brod - hotel Slunce"]
[Date "2013.11.21"]
[Round "7.9"]
[White "Szotkowski, Jakub"]
[Black "Cap, Adam"]
[Result "1-0"]
[WhiteElo "2183"]
[BlackElo "2075"]
[PlyCount "83"]
[EventDate "2013.11.17"]

1. d4 Nf6 2. c4 c5 3. Nf3 g6 4. Nc3 Bg7 5. g3 O-O 6. Bg2 d6 7. O-O Nc6 8. d5
Ne5 9. Nxe5 dxe5 10. e4 Ne8 11. b3 Nd6 12. Bb2 Bd7 13. Qc2 a6 14. Ne2 Qc7 15.
f4 exf4 16. Bxg7 Kxg7 17. gxf4 Rab8 18. Nc1 b5 19. Nd3 bxc4 20. bxc4 Qa5 21.
Rac1 Qa3 22. Qe2 Kg8 23. h4 Bg4 24. Qd2 Rfc8 25. f5 Rc7 26. fxg6 hxg6 27. Rc3
Qa5 28. Ne5 Bh5 29. Nc6 Rxc6 30. dxc6 Nxc4 31. Qc1 Ne5 32. Ra3 Qb4 33. Kh1 Rc8
34. Rb3 Qd4 35. Qg5 f6 36. Qg3 Rxc6 37. Rb8+ Kg7 38. Qb3 c4 39. Qb7 Qd6 40. Qa8
Ng4 41. e5 Nxe5 42. Rh8 1-0

[Event "Polofinale MCR junioru 2013"]
[Site "Havlickuv Brod - hotel Slunce"]
[Date "2013.11.21"]
[Round "7.10"]
[White "Skalicky, Tomas"]
[Black "Dobes, Vojtech"]
[Result "1-0"]
[WhiteElo "1989"]
[BlackElo "2116"]
[PlyCount "59"]
[EventDate "2013.11.17"]

1. d4 Nf6 2. c4 e6 3. g3 d5 4. Nf3 dxc4 5. Qa4+ Bd7 6. Qxc4 Bc6 7. Bg2 Be7 8.
O-O O-O 9. Nc3 a5 10. Bg5 Nbd7 11. Rfe1 Bxf3 12. Bxf3 c6 13. e4 Rc8 14. Rad1 h6
15. Bxf6 Bxf6 16. e5 Be7 17. Be4 Qb6 18. f4 Rfd8 19. Kh1 Nf8 20. f5 Qb4 21. Qd3
Rc7 22. Rf1 exf5 23. Bxf5 Rcd7 24. Bxd7 Rxd7 25. Qf3 Bd8 26. d5 Qe7 27. dxc6
bxc6 28. Qxc6 Rxd1 29. Rxd1 Qg5 30. Ne4 1-0

[Event "Polofinale MCR junioru 2013"]
[Site "Havlickuv Brod - hotel Slunce"]
[Date "2013.11.21"]
[Round "7.11"]
[White "Slampa, Jan"]
[Black "Melichar, Vojtech"]
[Result "1-0"]
[WhiteElo "2097"]
[BlackElo "1939"]
[PlyCount "115"]
[EventDate "2013.11.17"]

1. d4 Nf6 2. Nc3 d5 3. Bg5 Bf5 4. f3 Bg6 5. a3 Nbd7 6. e3 c6 7. Qd2 e5 8. O-O-O
Bd6 9. g4 Qc7 10. dxe5 Bxe5 11. h4 h5 12. Bxf6 Bxf6 13. g5 Bxc3 14. Qxc3 Qe5
15. Qd2 O-O-O 16. Bh3 Bf5 17. Bxf5 Qxf5 18. Qd3 Qe6 19. Re1 Kb8 20. Nh3 Ne5 21.
Qe2 Ng6 22. Nf4 Qd6 23. Nxg6 Qxg6 24. e4 dxe4 25. Qxe4 Qxe4 26. Rxe4 Rhe8 27.
Rhe1 Rxe4 28. Rxe4 Kc7 29. c3 Rd3 30. Rf4 Rd7 31. Kc2 c5 32. Re4 b5 33. f4 g6
34. f5 Kc6 35. f6 Kb6 36. Re8 a6 37. b3 Kb7 38. Re4 Kc6 39. Re5 Kd6 40. Re8 Kc7
41. Re4 Kc6 42. c4 Kb6 43. cxb5 axb5 44. Kc3 Kc6 45. Re8 Ra7 46. Kb2 Kb6 47.
Re4 Kc6 48. a4 Kb6 49. Re7 bxa4 50. Rxa7 Kxa7 51. bxa4 Kb6 52. Kb3 Kc6 53. Kc4
Kd6 54. a5 Kc6 55. a6 Kb6 56. a7 Kxa7 57. Kxc5 Kb7 58. Kd6 1-0

[Event "Polofinale MCR junioru 2013"]
[Site "Havlickuv Brod - hotel Slunce"]
[Date "2013.11.21"]
[Round "7.12"]
[White "Pulpan, Jakub"]
[Black "Tuma, Jan"]
[Result "1-0"]
[WhiteElo "2089"]
[BlackElo "1817"]
[PlyCount "129"]
[EventDate "2013.11.17"]

1. e4 c5 2. Nf3 Nc6 3. d4 cxd4 4. Nxd4 Nf6 5. Nc3 e5 6. Ndb5 d6 7. Bg5 a6 8.
Na3 b5 9. Nd5 Be7 10. Bxf6 Bxf6 11. c3 O-O 12. Nc2 Rb8 13. h4 g6 14. g3 Bg7 15.
Bg2 Be6 16. Ncb4 Nxb4 17. Nxb4 Qb6 18. h5 h6 19. Bh3 g5 20. Bf5 Rfc8 21. Qg4
Re8 22. Bxe6 fxe6 23. Rd1 Rb7 24. Nc2 Qc6 25. O-O a5 26. Ne3 Rd7 27. Rd3 d5 28.
exd5 exd5 29. Rfd1 Red8 30. Qe2 Bh8 31. Nf5 Qe6 32. g4 Kh7 33. R3d2 Qc6 34. Ne3
d4 35. cxd4 Rxd4 36. Rxd4 Rxd4 37. Rxd4 exd4 38. Nf5 Qc1+ 39. Kg2 Qc6+ 40. f3
Bf6 41. Nxd4 Bxd4 42. Qd3+ Kg8 43. Qxd4 Qc2+ 44. Kg3 Qb1 45. a3 Qe1+ 46. Qf2
Qc1 47. Kg2 b4 48. axb4 axb4 49. Qe2 Kf7 50. b3 Qc3 51. Qa2 Qe3 52. Qc2 Qc3 53.
Qg6+ Ke7 54. Qxh6 Qd2+ 55. Kh3 Qe3 56. Qg7+ Ke8 57. Qg6+ Kd7 58. Qf5+ Kc7 59.
Qc2+ Qc3 60. Qd1 Qc6 61. Kg3 Qf6 62. Qc2+ Kb7 63. Qe4+ Ka7 64. Qxb4 Qd8 65. Kf2
1-0

[Event "Polofinale MCR junioru 2013"]
[Site "Havlickuv Brod - hotel Slunce"]
[Date "2013.11.21"]
[Round "7.13"]
[White "Riha, Jaroslav"]
[Black "Kozusek, Daniel"]
[Result "0-1"]
[WhiteElo "2028"]
[BlackElo "2085"]
[PlyCount "60"]
[EventDate "2013.11.17"]

1. c4 Nf6 2. g3 e5 3. Bg2 h6 4. Nc3 Bb4 5. Nf3 Bxc3 6. bxc3 e4 7. Nd4 O-O 8.
O-O d6 9. Ba3 Re8 10. Nc2 Nbd7 11. d4 Nb6 12. c5 Nc4 13. cxd6 cxd6 14. Bc1 Bd7
15. a4 Rc8 16. Na3 Qa5 17. Bd2 Nxd2 18. Qxd2 Qxc3 19. Qxc3 Rxc3 20. Nb5 Bxb5
21. axb5 Rb3 22. Rxa7 Rxb5 23. e3 Rc8 24. f3 Rb2 25. Bh1 Rcc2 26. Rfa1 Rxh2 27.
fxe4 Rh3 28. e5 Rxg3+ 29. Kf1 Ng4 30. Be4 Rf2+ 0-1

[Event "Polofinale MCR junioru 2013"]
[Site "Havlickuv Brod - hotel Slunce"]
[Date "2013.11.21"]
[Round "7.14"]
[White "Seidl, Stepan"]
[Black "Horak, Ales"]
[Result "1-0"]
[WhiteElo "2212"]
[BlackElo "1988"]
[PlyCount "39"]
[EventDate "2013.11.17"]

1. e4 e5 2. Nf3 Nc6 3. Bc4 Be7 4. d4 d6 5. O-O Nf6 6. Re1 O-O 7. c3 h6 8. Nbd2
Nh7 9. Nf1 Ng5 10. Nxg5 Bxg5 11. Ne3 g6 12. g3 h5 13. dxe5 Nxe5 14. Be2 Bh6 15.
f4 Nc6 16. Nd5 Kg7 17. b4 Ne7 18. Qd4+ f6 19. c4 Nxd5 20. cxd5 1-0

[Event "Polofinale MCR junioru 2013"]
[Site "Havlickuv Brod - hotel Slunce"]
[Date "2013.11.21"]
[Round "7.15"]
[White "Alfimov, Igor"]
[Black "Stachon, Martin"]
[Result "0-1"]
[WhiteElo "2008"]
[BlackElo "2113"]
[PlyCount "66"]
[EventDate "2013.11.17"]

1. d4 Nf6 2. c4 e6 3. Nf3 b6 4. g3 Bb7 5. Bg2 Be7 6. O-O O-O 7. b3 c5 8. Bb2 d6
9. Nc3 Ne4 10. Qc2 Nxc3 11. Bxc3 Nd7 12. e4 cxd4 13. Nxd4 a6 14. Rad1 Qc7 15.
Ba1 Rac8 16. Qe2 Rfe8 17. f4 Bf6 18. Qg4 b5 19. cxb5 Qb6 20. Kh1 axb5 21. f5 e5
22. Ne2 b4 23. Rd2 Rc6 24. Rfd1 Rec8 25. h4 Be7 26. Nf4 Nf6 27. Qf3 exf4 28.
gxf4 Rc1 29. Bd4 Qc6 30. Qg3 Rxd1+ 31. Rxd1 Qc2 32. Re1 Qd2 33. Ba1 Nh5 0-1

[Event "Polofinale MCR junioru 2013"]
[Site "Havlickuv Brod - hotel Slunce"]
[Date "2013.11.21"]
[Round "7.16"]
[White "Wagner, Vojtech"]
[Black "Walek, Petr"]
[Result "1-0"]
[WhiteElo "1887"]
[BlackElo "2099"]
[PlyCount "111"]
[EventDate "2013.11.17"]

1. e4 e5 2. Nf3 Nf6 3. Nxe5 d6 4. Nf3 Nxe4 5. d3 Nf6 6. Be2 d5 7. d4 Bd6 8. Bg5
O-O 9. O-O Bf5 10. c4 dxc4 11. Bxc4 Nbd7 12. Nc3 c6 13. Bb3 Qa5 14. Bh4 Rfe8
15. Bg3 Bb4 16. Ne2 Qa6 17. Nf4 Ba5 18. a3 h6 19. Bc2 Bxc2 20. Qxc2 Ne4 21. Nd3
Nxg3 22. hxg3 Re7 23. b4 Bb6 24. a4 Rae8 25. Rfe1 Bd8 26. Rxe7 Bxe7 27. Re1 Qb6
28. Qc4 Nf6 29. b5 Nd5 30. bxc6 Qxc6 31. Qxc6 bxc6 32. Rc1 Rc8 33. Nfe5 a6 34.
Rxc6 Rxc6 35. Nxc6 Bd6 36. Kf1 Kf8 37. Ke1 Ke8 38. Kd2 f6 39. Nc5 Nc7 40. Kd3
Bxc5 41. dxc5 Kd7 42. Nd4 g6 43. Kc4 Ne8 44. Kb4 Kc7 45. Ka5 Kb7 46. c6+ Ka7
47. Kb4 Nd6 48. f3 a5+ 49. Kxa5 Nc4+ 50. Kb5 Ne3 51. a5 Nxg2 52. a6 Kb8 53. Kb6
Ne3 54. a7+ Ka8 55. Nb5 Nd5+ 56. Kc5 1-0

[Event "Polofinale MCR junioru 2013"]
[Site "Havlickuv Brod - hotel Slunce"]
[Date "2013.11.21"]
[Round "7.17"]
[White "Liduch, Filip"]
[Black "Hrdina, Robin"]
[Result "1/2-1/2"]
[WhiteElo "1856"]
[BlackElo "2080"]
[PlyCount "74"]
[EventDate "2013.11.17"]

1. e4 d6 2. d4 Nf6 3. Nc3 g6 4. Nf3 Bg7 5. Be2 O-O 6. O-O c6 7. a4 Qc7 8. h3 e5
9. dxe5 dxe5 10. Bc4 Nbd7 11. Be3 a5 12. Qe2 b6 13. Rad1 Bb7 14. Rd2 h6 15.
Rfd1 Rfe8 16. Nh4 Nf8 17. Rd6 Nd5 18. Bxd5 cxd5 19. Nb5 Qe7 20. Rxb6 Reb8 21.
Nf3 d4 22. Nfxd4 exd4 23. Bxd4 Bxd4 24. Rxd4 Ne6 25. Rdd6 Qg5 26. Qf3 Bc8 27.
Rxb8 Rxb8 28. Rd5 Qc1+ 29. Kh2 Qxc2 30. Nd6 Qc7 31. Qe3 Kh7 32. f4 Rb6 33. Nxc8
Rc6 34. Na7 Nxf4 35. Nxc6 Nxd5+ 36. Qg3 Qxc6 37. exd5 Qxd5 1/2-1/2

[Event "Polofinale MCR junioru 2013"]
[Site "Havlickuv Brod - hotel Slunce"]
[Date "2013.11.21"]
[Round "7.18"]
[White "Kopriva, Martin"]
[Black "Kratochvil, Vit"]
[Result "0-1"]
[WhiteElo "1832"]
[BlackElo "2040"]
[PlyCount "112"]
[EventDate "2013.11.17"]

1. e4 c5 2. Nf3 d6 3. d4 cxd4 4. Qxd4 Nc6 5. Bb5 Bd7 6. Bxc6 bxc6 7. Nc3 Nf6 8.
Bg5 Qb6 9. Qd3 e6 10. O-O Be7 11. e5 dxe5 12. Nxe5 Qc7 13. Rfe1 Rd8 14. Qf3 O-O
15. Rad1 Be8 16. Rxd8 Bxd8 17. Bf4 Qb7 18. Nc4 Be7 19. Be5 Qa6 20. Nd2 c5 21.
Nde4 Nxe4 22. Nxe4 f6 23. Bc3 Qxa2 24. Qg3 Qd5 25. h3 Bg6 26. Nd2 Bd6 27. Qg4
Bf5 28. Qa4 Bb8 29. Nc4 Bxc2 30. Qb5 Bd3 31. b3 e5 32. Qa4 Bg6 33. Ne3 Qd3 34.
Ba5 Bf7 35. Nc4 Qc2 36. Qb5 a6 37. Qxc5 Qxb3 38. Bb4 Re8 39. Ne3 Qd3 40. Rd1
Qb5 41. Qc3 e4 42. Bd6 Bxd6 43. Rxd6 a5 44. Rc6 Qb4 45. Qa1 a4 46. Ng4 a3 47.
Ra6 a2 48. Rxa2 Bxa2 49. Qxa2+ Kh8 50. Qf7 Qe7 51. Qb3 Qe6 52. Qc3 f5 53. Ne3
f4 54. Nc2 e3 55. fxe3 fxe3 56. Nd4 Qe5 0-1

[Event "Polofinale MCR junioru 2013"]
[Site "Havlickuv Brod - hotel Slunce"]
[Date "2013.11.21"]
[Round "7.19"]
[White "Cermak, Jan"]
[Black "Ptacek, Tomas"]
[Result "1/2-1/2"]
[WhiteElo "1685"]
[BlackElo "2024"]
[PlyCount "101"]
[EventDate "2013.11.17"]

1. e4 e6 2. d4 d5 3. Nd2 c5 4. exd5 exd5 5. Ngf3 Nc6 6. Bb5 Bd6 7. dxc5 Bxc5 8.
Nb3 Bd6 9. O-O Nge7 10. Nbd4 Bg4 11. Be3 O-O 12. c3 Qd7 13. Qd2 a6 14. Ba4 Qc7
15. h3 Bh5 16. Rfe1 Rfe8 17. Bg5 Bg6 18. Bxe7 Rxe7 19. Rxe7 Nxe7 20. Bc2 Be4
21. Re1 Bxf3 22. Nxf3 Rd8 23. Nd4 Nc6 24. Qe3 g6 25. Rd1 Bh2+ 26. Kf1 Be5 27.
Nf3 Bg7 28. Bb3 Ne7 29. Rd3 Bf6 30. Qd2 Qb6 31. Nd4 Kg7 32. g3 Nc6 33. Kg2 h5
34. Nf3 d4 35. cxd4 Bxd4 36. Nxd4 Rxd4 37. Rxd4 Qxd4 38. Qxd4+ Nxd4 39. Bd5 b6
40. f3 Kf6 41. Kf2 h4 42. gxh4 Nf5 43. h5 gxh5 44. f4 Nd6 45. Kf3 Kf5 46. b3 a5
47. a4 Kg6 48. Bc6 f5 49. Ke3 h4 50. Kd4 Kf6 51. Bf3 1/2-1/2

[Event "Polofinale MCR junioru 2013"]
[Site "Havlickuv Brod - hotel Slunce"]
[Date "2013.11.21"]
[Round "7.20"]
[White "Hanl, Frantisek"]
[Black "Sucharda, David"]
[Result "1-0"]
[WhiteElo "1969"]
[BlackElo "1712"]
[PlyCount "49"]
[EventDate "2013.11.17"]

1. e4 e6 2. Nf3 Nf6 3. e5 Nd5 4. c4 Nb6 5. d4 d5 6. c5 N6d7 7. Nc3 Be7 8. Bd3
b6 9. b4 O-O 10. h4 h6 11. Bc2 Re8 12. a3 bxc5 13. bxc5 Ba6 14. g4 Nf8 15. Rg1
Nbd7 16. g5 c6 17. gxh6 g6 18. Ng5 Bxg5 19. Bxg5 Qa5 20. Bd2 Qc7 21. f4 Qd8 22.
Qg4 Nf6 23. exf6 Qxf6 24. Be3 Bc8 25. Qg5 1-0

[Event "Polofinale MCR junioru 2013"]
[Site "Havlickuv Brod - hotel Slunce"]
[Date "2013.11.21"]
[Round "7.21"]
[White "Chromik, Tomas"]
[Black "Solc, Filip"]
[Result "1-0"]
[WhiteElo "1940"]
[BlackElo "1676"]
[PlyCount "63"]
[EventDate "2013.11.17"]

1. d4 d5 2. c4 e6 3. Nf3 Nf6 4. g3 c5 5. Bg2 Nc6 6. cxd5 exd5 7. dxc5 Bxc5 8.
O-O O-O 9. Bg5 Be6 10. Nc3 d4 11. Ne4 Be7 12. Nxf6+ Bxf6 13. Qd2 Bd5 14. Bxf6
Qxf6 15. Rfd1 Bxf3 16. Bxf3 Rfd8 17. Bg2 Rac8 18. Rac1 h6 19. Rc4 Qe6 20. b3 a6
21. Rdc1 Qf6 22. Bxc6 Rxc6 23. Rxc6 bxc6 24. Qd3 Rd6 25. Qxa6 Qe6 26. Qd3 Qe5
27. a4 Rf6 28. b4 Qd5 29. a5 Qd6 30. Rc4 Qe5 31. Rxd4 g6 32. a6 1-0

[Event "Polofinale MCR junioru 2013"]
[Site "Havlickuv Brod - hotel Slunce"]
[Date "2013.11.21"]
[Round "7.22"]
[White "Skorepa, Tomas"]
[Black "Hajek, Oskar"]
[Result "1/2-1/2"]
[WhiteElo "1766"]
[BlackElo "1920"]
[PlyCount "58"]
[EventDate "2013.11.17"]

1. e4 d6 2. d4 Nf6 3. Nc3 e5 4. dxe5 dxe5 5. Qxd8+ Kxd8 6. Bc4 Be6 7. Bxe6 fxe6
8. Bg5 Nbd7 9. O-O-O Bd6 10. Nge2 Ke7 11. f3 a6 12. Be3 b5 13. Nb1 h6 14. Nd2
g5 15. h3 Rhg8 16. c4 Bc5 17. Bxc5+ Nxc5 18. Nb3 Nxb3+ 19. axb3 b4 20. Kc2 Nh5
21. Nc1 Nf4 22. Rd2 Rgd8 23. Rhd1 h5 24. Nd3 Nxd3 25. Rxd3 Rxd3 26. Kxd3 g4 27.
hxg4 hxg4 28. Ra1 gxf3 29. gxf3 a5 1/2-1/2

[Event "Polofinale MCR junioru 2013"]
[Site "Havlickuv Brod - hotel Slunce"]
[Date "2013.11.21"]
[Round "7.23"]
[White "Liska, Jiri"]
[Black "Stula, Petr"]
[Result "1-0"]
[WhiteElo "1865"]
[BlackElo "1426"]
[PlyCount "67"]
[EventDate "2013.11.17"]

1. Nf3 Nc6 2. d4 d5 3. g3 g6 4. Bg2 Bg7 5. O-O Nf6 6. c4 O-O 7. Nc3 Bf5 8. Re1
Re8 9. cxd5 Nxd5 10. e4 Nxc3 11. bxc3 Bg4 12. Qb3 Rb8 13. Ng5 Rf8 14. h3 Bd7
15. e5 Na5 16. Qa3 b6 17. e6 Bxe6 18. Nxe6 fxe6 19. Rxe6 Bf6 20. Bh6 Re8 21.
Rae1 Rc8 22. h4 c5 23. d5 Qd7 24. Bg5 Bxg5 25. hxg5 Nc4 26. Qc1 Nd6 27. Qe3 Nf5
28. Qe5 Ng7 29. Rxe7 Rxe7 30. Qxe7 Qxe7 31. Rxe7 Ra8 32. d6 Rd8 33. Bd5+ Kf8
34. Rf7+ 1-0

[Event "Polofinale MCR junioru 2013"]
[Site "Havlickuv Brod - hotel Slunce"]
[Date "2013.11.21"]
[Round "7.25"]
[White "Danhel, Lukas"]
[Black "Havelka, Jan"]
[Result "0-1"]
[WhiteElo "1670"]
[BlackElo "1835"]
[PlyCount "64"]
[EventDate "2013.11.17"]

1. c4 e5 2. Nc3 f5 3. e3 Nf6 4. g3 Bb4 5. Nge2 Nc6 6. Bg2 O-O 7. O-O Qe8 8. a3
Bxc3 9. Nxc3 d6 10. d4 e4 11. b4 Qf7 12. Qe2 Bd7 13. Bb2 Rae8 14. Nb5 a6 15.
Nxc7 Rc8 16. Nd5 Nxd5 17. cxd5 Ne7 18. Rfc1 Bb5 19. Qd2 Qxd5 20. Bf1 Bxf1 21.
Kxf1 b5 22. Ke1 Qb7 23. d5 Qxd5 24. Qxd5+ Nxd5 25. Rd1 Nb6 26. Bd4 Nc4 27. a4
Ra8 28. a5 Kf7 29. Ra2 Rfc8 30. Rc1 Ne5 31. Rxc8 Nd3+ 32. Kd1 Rxc8 0-1

[Event "Polofinale MCR junioru 2013"]
[Site "Havlickuv Brod - hotel Slunce"]
[Date "2013.11.21"]
[Round "7.27"]
[White "Nosek, Jan"]
[Black "Stancik, Jakub"]
[Result "0-1"]
[WhiteElo "1717"]
[BlackElo "1849"]
[PlyCount "26"]
[EventDate "2013.11.17"]

1. d4 f5 2. c4 Nf6 3. Nf3 e6 4. g3 d5 5. Nc3 c6 6. cxd5 exd5 7. Bg2 Bd6 8. O-O
O-O 9. Bf4 Ne4 10. Bxd6 Qxd6 11. Ne5 Nd7 12. Nxd7 Bxd7 13. Qb3 Nd2 0-1

[Event "Polofinale MCR junioru 2013"]
[Site "Havlickuv Brod - hotel Slunce"]
[Date "2013.11.21"]
[Round "7.28"]
[White "Kriz, Vojtech"]
[Black "Babicka, Michal"]
[Result "1-0"]
[WhiteElo "1546"]
[BlackElo "1752"]
[PlyCount "39"]
[EventDate "2013.11.17"]

1. e4 c5 2. Nf3 Nc6 3. d4 cxd4 4. Nxd4 Nf6 5. Nc3 e5 6. Ndb5 d6 7. Bg5 a6 8.
Na3 b5 9. Bxf6 gxf6 10. Nd5 Bg7 11. c4 O-O 12. cxb5 axb5 13. Nxb5 f5 14. Qh5
Be6 15. Nbc7 Ra7 16. exf5 h6 17. f6 Rxc7 18. fxg7 Bxd5 19. gxf8=Q+ Qxf8 20. Rc1
1-0

[Event "Polofinale MCR junioru 2013"]
[Site "Havlickuv Brod - hotel Slunce"]
[Date "2013.11.21"]
[Round "7.29"]
[White "Gregor, Jiri"]
[Black "Stuchly, Ondrej"]
[Result "1/2-1/2"]
[WhiteElo "1553"]
[BlackElo "1803"]
[PlyCount "54"]
[EventDate "2013.11.17"]

1. d4 d5 2. Nf3 Nf6 3. Bf4 e6 4. c3 Be7 5. h3 c5 6. e3 O-O 7. Bd3 Nc6 8. Nbd2
c4 9. Bc2 b5 10. O-O b4 11. Ba4 Bd7 12. Ne5 Nxe5 13. Bxe5 a5 14. Rc1 Bxa4 15.
Qxa4 Qd7 16. Qc2 Qb5 17. b3 bxc3 18. Qxc3 Bb4 19. Qc2 Bxd2 20. Qxd2 cxb3 21.
Bxf6 gxf6 22. Rc5 Qb4 23. Qxb4 axb4 24. axb3 Rfc8 25. Rb5 Rab8 26. Rxb8 Rxb8
27. Ra1 Kf8 1/2-1/2

[Event "Polofinale MCR junioru 2013"]
[Site "Havlickuv Brod - hotel Slunce"]
[Date "2013.11.22"]
[Round "8.1"]
[White "Vykouk, Jan"]
[Black "Petr, Jan"]
[Result "1/2-1/2"]
[WhiteElo "2090"]
[BlackElo "2112"]
[PlyCount "30"]
[EventDate "2013.11.17"]

1. d4 d6 2. e4 Nf6 3. Nc3 g6 4. f4 Bg7 5. Nf3 c5 6. Bb5+ Bd7 7. e5 Ng4 8. e6
fxe6 9. Ng5 Bxb5 10. Nxb5 Bxd4 11. Nxe6 Bf2+ 12. Kd2 Be3+ 13. Ke1 Bf2+ 14. Kd2
Be3+ 15. Ke1 Bf2+ 1/2-1/2

[Event "Polofinale MCR junioru 2013"]
[Site "Havlickuv Brod - hotel Slunce"]
[Date "2013.11.22"]
[Round "8.2"]
[White "Rabatin, Jakub"]
[Black "Rubes, Jan"]
[Result "1/2-1/2"]
[WhiteElo "2243"]
[BlackElo "2142"]
[PlyCount "46"]
[EventDate "2013.11.17"]

1. e4 c5 2. Nf3 d6 3. d4 cxd4 4. Nxd4 Nf6 5. Nc3 a6 6. g3 e5 7. Nde2 b5 8. Bg2
Bb7 9. Rg1 Be7 10. h3 Nbd7 11. g4 b4 12. Nd5 Nxd5 13. exd5 Qc7 14. Be3 Rc8 15.
Rc1 Qa5 16. b3 Nf6 17. c4 bxc3 18. b4 Qa3 19. Rxc3 Rxc3 20. Nxc3 O-O 21. Qd2
Rc8 22. Nb1 Qa4 23. Nc3 Qa3 1/2-1/2